000 00972nam a2200289 i 4500
001 19454
003 ES-MaACL
005 20250807223640.0
007 t|
008 020829s2001 sp ||||1| spa d
020 _a84-493-1091-1
080 _a316.472.4-058.837
080 _a392.61
100 1 _aBeck, Ulrich.
_926929
245 1 3 _aEl normal caos del amor
_b: las nuevas formas de la relación amorosa /
_cUlrich Beck, Elisabeth Beck-Gernsheim ; prefacio de Lídia Puigvert y Ramón Flecha.
260 _aBarcelona :
_bPaidós Ibérica,
_c[2001]
300 _a292 p. ;
_c24 cm.
490 1 _aPaidós contextos ;
_v66
650 7 _aAmor
_2embne
_99754
650 1 7 _aRelaciones de pareja
_2embne
_916779
700 1 _aBeck-Gernsheim, Elisabeth.
_926931
700 1 _aPuigvert, Lídia.
_994310
700 1 _aFlecha, Ramón.
_951142
830 0 _aPaidós contextos ;
_v66
_9179772
852 _aES-MaACL
_jL-25889
_bR.130772
999 _c19454
_d19454